Sex and the office (Registro nro. 239946)

Detalles MARC
000 -ENCABEZADO
Número de control [NR] 01020cam a22002654a 4500
005 - FECHA Y HORA DE LA ÚLTIMA TRANSACCIÓN
control field 20140903175041.0
008 - DE LONGITUD FIJA DE DATOS DE ELEMENTOS - INFORMACIÓN GENERAL
Elementos de longitud fija [NR] 110624s2012 xxua gr 001 0 eng
020 ## - NUMERO INTERNACIONAL NORMALIZADO PARA LIBROS [R]
Número Internacional Normalizado del libro [NR] 0300118996
020 ## - NUMERO INTERNACIONAL NORMALIZADO PARA LIBROS [R]
Número Internacional Normalizado del libro [NR] 9780300118995
040 ## - FUENTE DE CATALOGACION [NR]
Agencia de catalogación original [NR] CO-BoUCM
Idioma de catalogación [NR] eng
Quien Cataloga Jose A. Gerena
Quien Clasifica Diana Londoño
041 ## - CODIGO DE IDIOMA [R]
Código de idioma para texto/pista de sonido o título separado [R] Inglés
100 1# - ASIENTO PRINCIPAL--NOMBRE PERSONAL [NR]
Nombre personal [NR] Berebitsky, Julie
ID Autoridad 58715
245 10 - MENCION DE TITULO [NR]
Título [NR] Sex and the office
Parte restante del título [NR] a history of gender, power, and desire
Mención de responsabilidad, etc. [NR] Julie Berebitsky
260 ## - PUBLICACION, DISTRIBUCION, ETC. (PIE DE IMPRENTA) [R]
Lugar de publicación, distribución, etc. [R] New Haven (Connecticut, Estados Unidos)
Nombre del editor, distribuidor, etc. [R] Yale University Press
Fecha de publicación, distribución, etc. [R] 2012
300 ## - DESCRIPCION FISICA [R]
Extensión [R] x, 359 páginas
Otros detalles físicos [NR] ilustraciones
490 1# - MENCION DE SERIE [R]
Mención de serie [R] Society and the sexes in the modern world
500 ## - NOTA GENERAL [R]
Nota general [NR] Incluye índice
650 #7 - ASIENTO SECUNDARIO DE MATERIA - TERMINO TEMATICO [R]
Término temático o nombre geográfico como elemento de entrada [NR] Mujeres
Subdivisión geográfica [R] Estados Unidos
Subdivisión general [R] Historia
9 (RLIN) 58717
650 #7 - ASIENTO SECUNDARIO DE MATERIA - TERMINO TEMATICO [R]
Término temático o nombre geográfico como elemento de entrada [NR] Mujeres
Subdivisión geográfica [R] Estados Unidos
Subdivisión general [R] Trabajo
9 (RLIN) 58716
650 #7 - ASIENTO SECUNDARIO DE MATERIA - TERMINO TEMATICO [R]
Término temático o nombre geográfico como elemento de entrada [NR] Roles sexuales
Subdivisión geográfica [R] Estados Unidos
Subdivisión general [R] Historia
9 (RLIN) 23839
651 #7 - ASIENTO SECUNDARIO DE MATERIA - NOMBRE GEOGRAFICO [R]
Nombre geográfico [NR] Estados Unidos
9 (RLIN) 27383
Subdivisión general [R] Aspectos económicos
690 ## - ASUNTO AGREGADO LOCAL DE ENTRADA - TÉRMINO TEMÁTICO (OCLC, RLIN)
9 (RLIN) 42796
Acceso temático local Economía del trabajo
942 ## - ELEMENTOS DE ENTRADA AGREGADOS (KOHA)
Tema principal Economía
Tipo de ítem principal el descrito en 300a Libro
Edición 1
Parte restante de la signatura top. B487s
Sistema de clasificación DEWEY
Clasificación 331.40973
Existencias
Signatura topográfica Código de barras Última vez visto Ejemplar Costo de reposición Price effective from Tipo de ítem Perdido Sistema de clasificación Dañado No prestable Tipo de ítem específico Suprimido Ubicación habitual Ubicación actual Localización Fecha de creación Proveedor Forma de adquisición Costo
331.40973 B487s 100140818 05/02/2025 Ej.1 70000.00 17/03/2014 Libro   DEWEY     Libro   Bodega Bodega 5to piso 17/03/2014 15 Compra 70000.00